<?xml version="1.0" encoding="UTF-8"?>
<collection xmlns="http://www.loc.gov/MARC21/slim">
    <record>
        <controlfield tag="001">46294</controlfield>
        <controlfield tag="005">20170831220534.0</controlfield>
        <datafield tag="037" ind1=" " ind2=" ">
            <subfield code="a">GDOC-2010-0751</subfield>
        </datafield>
        <datafield tag="041" ind1=" " ind2=" ">
            <subfield code="a">spa</subfield>
        </datafield>
        <datafield tag="245" ind1="0" ind2="0">
            <subfield code="9">60338</subfield>
            <subfield code="a">Metodología de estudio integrado de rocas endógenas</subfield>
        </datafield>
        <datafield tag="260" ind1=" " ind2=" ">
            <subfield code="a">Zaragoza</subfield>
            <subfield code="b">Universidad de Zaragoza</subfield>
            <subfield code="c">2010-2011</subfield>
        </datafield>
        <datafield tag="520" ind1=" " ind2=" ">
            <subfield code="a">En esta asignatura se pretende que los alumnos, partiendo de los conocimientos generales alcanzados en su formación de licenciatura/grado, adquieran las metodologías de trabajo en la investigación, a diferentes escalas, de las rocas endógenas. Se facilita así al alumno adquirir la capacidad de planificar una investigación en este contexto, en la que los resultados y su interpretación se estructuren de modo consistente entre sí. Por otra parte, se sientan las bases para otras asignaturas relacionadas con la petrogénesis de rocas endógenas. Esta asignatura puede ser complementada con otras asignaturas del primer cuatrimestre, como "Aplicación  de la microscopía            electrónica de barrido y transmisión a la Geología", "Técnicas  básicas            de investigación en Mineralogía" y "Petrofábrica  de rocas            deformadas y fábrica magnética", o en el segundo cuatrimestre "Química  mineral en            procesos ígneos".  </subfield>
        </datafield>
        <datafield tag="521" ind1=" " ind2=" ">
            <subfield code="9">601</subfield>
            <subfield code="a">Máster Universitario en Iniciación a la Investigación en Geología</subfield>
        </datafield>
        <datafield tag="540" ind1=" " ind2=" ">
            <subfield code="a">by-nc-sa</subfield>
            <subfield code="b">Creative Commons</subfield>
            <subfield code="c">3.0</subfield>
            <subfield code="u">http://creativecommons.org/licenses/by-nc-sa/3.0/</subfield>
        </datafield>
        <datafield tag="700" ind1=" " ind2=" ">
            <subfield code="0">(orcid)0000-0002-3609-7380</subfield>
            <subfield code="a">Lago San José, Marceliano</subfield>
        </datafield>
        <datafield tag="830" ind1=" " ind2=" ">
            <subfield code="9">337</subfield>
        </datafield>
        <datafield tag="856" ind1="4" ind2=" ">
            <subfield code="s">101150</subfield>
            <subfield code="u">http://zaguan.unizar.es/record/46294/files/guia.pdf</subfield>
            <subfield code="y">Guía (idioma español)</subfield>
        </datafield>
        <datafield tag="980" ind1=" " ind2=" ">
            <subfield code="a">GDOC</subfield>
            <subfield code="b">Ciencias</subfield>
            <subfield code="c">100</subfield>
        </datafield>
    </record>

    
</collection>